| 000 | 00834nam a2200265Ia 4500 | ||
|---|---|---|---|
| 001 | Z_368 | ||
| 003 | CHAP | ||
| 008 | 220113s1977 xx 000 0 und d | ||
| 010 | _a163344 | ||
| 040 | _cCHAP | ||
| 090 | _aTesis CH 25 | ||
| 100 |
_aChargoy Zamora, Celestino I. _921959 |
||
| 245 |
_aPrograma para aprovechamientos de la vida silvestre, perspectivas de explotación zootécnica del venado cola blanca (Odocoileus virginianus Hays) / _cpor Celestino I. Chargoy Zamora |
||
| 260 |
_aChapingo, Méx. : _bEl autor, _c1977 |
||
| 300 | _a114 h. apénd. | ||
| 502 | _aTesis (Ing. Agrónomo Esp. en Zootecnia) -- ENA. Departamento de Zootecnia | ||
| 650 |
_aVenados _9118663 |
||
| 650 |
_aVida silvestre _9119155 |
||
| 901 | _aTESIS CH 25 | ||
| 902 | _aM | ||
| 910 | _a1977 | ||
| 942 | _c2 | ||
| 942 | _c2 | ||
| 999 |
_c163344 _d163344 |
||